logo

Bir Sreshtho Munshi Abdur Rouf Library
Jhenaidah Cadet College

বেসিক টু অ্যাডভান্সড নেটওয়ার্কিং/ (Record no. 10399)

MARC details
000 -LEADER
fixed length control field 00750nam a2200253 a 4500
001 - CONTROL NUMBER
JCCL Control Number 10399
003 - CONTROL NUMBER IDENTIFIER
JCCL marc code BD-JhCC
005 - DATE AND TIME OF LATEST TRANSACTION
control field 20211111134021.0
008 - FIXED-LENGTH DATA ELEMENTS--GENERAL INFORMATION
fixed length control field 180425s2015 bg |||| ||a| 000 0 ben d
020 ## - INTERNATIONAL STANDARD BOOK NUMBER
International Standard Book Number 9789849265993
020 ## - INTERNATIONAL STANDARD BOOK NUMBER
International Standard Book Number 9789849266099
035 ## - SYSTEM CONTROL NUMBER
system control number (BD-JhCC)10399
040 ## - CATALOGING SOURCE
Original cataloging agency BD-JhCC
Modifying agency BD-JhCC
041 ## - LANGUAGE CODE
Language code of Book ben
082 ## - DEWEY DECIMAL CLASSIFICATION NUMBER
Classification number 004.6
Author mark and Year SAR 2015
100 ## - MAIN ENTRY--PERSONAL NAME
Personal name সরকার, তিতাস
245 ## - TITLE STATEMENT
Title বেসিক টু অ্যাডভান্সড নেটওয়ার্কিং/
Statement of responsibility, etc তিতাস সরকার
260 ## - PUBLICATION, DISTRIBUTION, ETC. (IMPRINT)
Place of publication, distribution, etc ঢাকা :
Name of publisher, distributor, etc আদর্শ,
Date of publication, distribution, etc 2015.
300 ## - PHYSICAL DESCRIPTION
Pagination 184 p. :
Dimensions 22 cm.
650 ## - SUBJECT ADDED ENTRY--TOPICAL TERM
Topical term or geographic name as entry element Computer Network
650 ## - SUBJECT ADDED ENTRY--TOPICAL TERM
Topical term or geographic name as entry element Internet Working
942 ## - ADDED ENTRY ELEMENTS (KOHA)
Source of classification or shelving scheme Dewey Decimal Classification
Koha item type Books
Koha issues (borrowed), all copies 2
Holdings
Source of classification or shelving scheme Damaged status Not for loan Home library Current library Shelving location Date of accession Cost, normal purchase price Total Checkouts Full call number Barcode Date last seen Date checked out Copy number Koha item type
Dewey Decimal Classification     JCC Rouf Library JCC Rouf Library General Stacks 04/25/2018 300.00 1 004.6 SAR 2015 13600 03/27/2020 11/22/2019 C-1 Books
Dewey Decimal Classification     JCC Rouf Library JCC Rouf Library General Stacks 03/23/2021 263.00 2 004.6 SAR 2015 16313 02/19/2024 02/18/2024 C-2 Books

JCC Library | Contacts | JCC Home

Last Update on 23 September 2017
Copyright @ 2017-2020 JCC Rouf Library
Rouf Library, Jhenidah Cadet College (JCC), Bangladesh